[Event "Bratto op 26th"]
[Site "Bratto"]
[Date "2006.08.25"]
[Round "7"]
[White "Alberton, Roberto"]
[Black "Lovati, Paolo"]
[Result "1-0"]
[WhiteElo "2128"]
[BlackElo "2069"]
[PlyCount "48"]
[EventDate "2006.08.19"]
[EventType "swiss"]
[EventRounds "9"]
[EventCountry "ITA"]
[SourceTitle "CBM 113 Extra"]
[Source "ChessBase"]
[SourceDate "2006.09.14"]
[SourceVersion "1"]
[SourceVersionDate "2006.09.14"]
[SourceQuality "1"]

1. e4 e6 2. d4 d5 3. Nd2 Nc6 4. Ngf3 dxe4 5. Nxe4 Nf6 6. Bg5 Be7 7. Bxf6 gxf6 8. Qd2 f5 9. Nc3 Bf6 10. 0-0-0 Ne7 11. Bc4 c6 12. Rhe1 Kf8 13. Qh6+ Bg7 14. Qh5 Ng6 15. g3 a5 16. Ne5 Qc7 17. a4 Nxe5 18. dxe5 Bd7 19. f4 Rd8 20. Qh4 Ke8 21. g4 Bc8 22. gxf5 Rxd1+ 23. Rxd1 exf5 24. Qh5 Kf8 1-0

[Event "Bratto op 26th"]
[Site "Bratto"]
[Date "2006.08.24"]
[Round "6"]
[White "Lovati, Paolo"]
[Black "Gazzarri, Alberto"]
[Result "1-0"]
[WhiteElo "2069"]
[BlackElo "2143"]
[PlyCount "137"]
[EventDate "2006.08.19"]
[EventType "swiss"]
[EventRounds "9"]
[EventCountry "ITA"]
[SourceTitle "CBM 113 Extra"]
[Source "ChessBase"]
[SourceDate "2006.09.14"]
[SourceVersion "1"]
[SourceVersionDate "2006.09.14"]
[SourceQuality "1"]

1. c4 c6 2. Nf3 d5 3. b3 Nf6 4. Bb2 e6 5. g3 Bd6 6. Bg2 Nbd7 7. 0-0 Qe7 8. d3 0-0 9. Qc1 e5 10. cxd5 cxd5 11. Nc3 a6 12. Nh4 Nb6 13. e4 d4 14. Ne2 g6 15. Qg5 Nfd5 16. Qxe7 Nxe7 17. f4 f6 18. fxe5 fxe5 19. Rxf8+ Kxf8 20. Rf1+ Kg8 21. Nf3 Bd7 22. Nc1 h6 23. Rf2 Rc8 24. h4 Be6 25. Kh2 Bf7 26. Bh3 Rc7 27. Kg2 Nbc8 28. Nh2 Kg7 29. Ng4 Ng8 30. Ne2 Rc2 31. Ng1 Rxf2+ 32. Nxf2 Nce7 33. Nf3 Nf6 34. Bc1 Be8 35. g4 Nd7 36. Ne1 Nc5 37. Bd2 b6 38. Kf3 a5 39. Ke2 Bf7 40. Nh1 Nc6 41. Ng3 Nxb3 42. axb3 Bxb3 43. h5 a4 44. Bc1 a3 45. Bxa3 Bxa3 46. hxg6 Kxg6 47. Nf3 Bc1 48. g5 Bf4 49. Bf5+ Kf7 50. g6+ Ke7 51. Nh5 b5 52. g7 Kd6 53. Bh7 Be3 54. g8Q Bxg8 55. Bxg8 b4 56. Kd1 Nd8 57. Nh4 Kc6 58. Nf5 Bg5 59. Bd5+ Kb5 60. Kc2 Nc6 61. Bxc6+ Kxc6 62. Kb3 Kc5 63. Nfg7 Bd2 64. Ne6+ Kb5 65. Nf8 Kc5 66. Ng6 Bf4 67. Nhxf4 exf4 68. Nh4 h5 69. Nf3 1-0

[Event "Bratto op 25th"]
[Site "Bratto"]
[Date "2005.08.21"]
[Round "2"]
[White "Salvador, Roland"]
[Black "Lovati, Paolo"]
[Result "1-0"]
[WhiteElo "2416"]
[BlackElo "2081"]
[PlyCount "91"]
[EventDate "2005.08.20"]
[EventType "swiss"]
[EventRounds "9"]
[EventCountry "ITA"]
[SourceTitle "CBM 108 Extra"]
[Source "ChessBase"]
[SourceDate "2005.11.04"]
[SourceVersion "1"]
[SourceVersionDate "2005.11.04"]
[SourceQuality "1"]

1. d4 d6 2. Nf3 Bg4 3. e4 e6 4. Nc3 Be7 5. h3 Bh5 6. Be3 Nf6 7. Bd3 d5 8. Qe2 dxe4 9. Nxe4 Nxe4 10. Bxe4 c6 11. 0-0-0 Qa5 12. Qc4 Bg6 13. Bxg6 hxg6 14. Ne5 Qd5 15. Qa4 b5 16. Qb3 Qxb3 17. cxb3 Nd7 18. Nd3 Bf6 19. Kb1 0-0-0 20. Rc1 Kb7 21. Rc2 Nb8 22. Nc5+ Ka8 23. Rd1 Rh4 24. f4 Rh5 25. b4 Rhd5 26. Nb3 a6 27. Rdc1 R8d6 28. a3 Kb7 29. g4 Bd8 30. Nc5+ Kc8 31. f5 Bb6 32. fxg6 fxg6 33. Bf4 Bxc5 34. dxc5 Rd8 35. Re2 Re8 36. Rce1 e5 37. Rxe5 Rdxe5 38. Rxe5 Rxe5 39. Bxe5 Nd7 40. Bxg7 Kd8 41. h4 Ke8 42. h5 Kf7 43. h6 g5 44. Kc2 Nf6 45. Bxf6 Kxf6 46. Kd3 1-0

[Event "Bratto op 25th"]
[Site "Bratto"]
[Date "2005.08.20"]
[Round "1"]
[White "Lovati, Paolo"]
[Black "Castaldo, Folco"]
[Result "0-1"]
[WhiteElo "2081"]
[BlackElo "2352"]
[PlyCount "104"]
[EventDate "2005.08.20"]
[EventType "swiss"]
[EventRounds "9"]
[EventCountry "ITA"]
[SourceTitle "CBM 108 Extra"]
[Source "ChessBase"]
[SourceDate "2005.11.04"]
[SourceVersion "1"]
[SourceVersionDate "2005.11.04"]
[SourceQuality "1"]

1. c4 f5 2. g3 Nf6 3. Bg2 e6 4. Nf3 Be7 5. 0-0 0-0 6. b3 d6 7. d3 Qe8 8. Nc3 Nc6 9. Rb1 a6 10. b4 Rb8 11. a4 a5 12. bxa5 Nxa5 13. c5 dxc5 14. Nb5 Qd8 15. Ne5 c6 16. Na3 Nd5 17. Nac4 Nc3 18. Qe1 Nxb1 19. Nxa5 Bf6 20. Bb2 Na3 21. Naxc6 bxc6 22. Nxc6 Qd6 23. Bxa3 Rb3 24. Bc1 Bb7 25. Na5 Bxg2 26. Kxg2 Rb4 27. Qd1 Ra8 28. Nc4 Qc6+ 29. Kg1 Rbxa4 30. Bb2 Bxb2 31. Nxb2 Ra2 32. Nc4 Qa4 33. Qxa4 R8xa4 34. Re1 g5 35. Ne5 Kg7 36. Kf1 h5 37. Rc1 Ra1 38. Rxa1 Rxa1+ 39. Kg2 Ra2 40. Kf1 Rc2 41. Nf3 g4 42. Ne5 Kf6 43. Nd7+ Ke7 44. Ne5 Rc1+ 45. Kg2 Re1 46. e3 Rd1 47. d4 cxd4 48. exd4 Kd6 49. h4 Rxd4 50. Nf7+ Ke7 51. Ne5 Kf6 52. Nc6 Ra4 0-1

[Event "Arco op 25th"]
[Site "Arco"]
[Date "2003.10.25"]
[Round "8"]
[White "Traversi, Carlo"]
[Black "Lovati, Paolo"]
[Result "0-1"]
[WhiteElo "1856"]
[BlackElo "2089"]
[PlyCount "70"]
[EventDate "2003.10.18"]
[EventType "swiss"]
[EventRounds "9"]
[EventCountry "ITA"]
[SourceTitle "EXT 2004"]
[Source "ChessBase"]
[SourceDate "2003.11.25"]
[SourceVersion "1"]
[SourceVersionDate "2003.11.25"]
[SourceQuality "1"]

1. e4 d6 2. d4 Nf6 3. Nc3 c6 4. h3 Nbd7 5. f4 e5 6. Nf3 Qa5 7. Bd2 exd4 8. Nxd4 Qc7 9. Be2 g6 10. 0-0 Bg7 11. Kh1 0-0 12. Be3 Nc5 13. f5 Nfxe4 14. Nxe4 Nxe4 15. Qe1 Be5 16. Kg1 Ng3 17. fxg6 hxg6 18. Rf2 Ne4 19. Rf3 d5 20. Qh4 a6 21. Bd3 c5 22. Ne2 c4 23. Bxe4 dxe4 24. Rf4 f5 25. Bd4 Bxd4+ 26. Nxd4 Qg7 27. Qf2 g5 28. Nxf5 Qf6 29. Qg3 Bxf5 30. Raf1 Qg6 31. R4f2 Rae8 32. Qe3 b5 33. Qc5 e3 34. Rxf5 Rxf5 35. Rxf5 e2 0-1

[Event "Arco op 25th"]
[Site "Arco"]
[Date "2003.10.23"]
[Round "6"]
[White "Bossoni, Mario"]
[Black "Lovati, Paolo"]
[Result "1-0"]
[WhiteElo "1966"]
[BlackElo "2089"]
[PlyCount "45"]
[EventDate "2003.10.18"]
[EventType "swiss"]
[EventRounds "9"]
[EventCountry "ITA"]
[SourceTitle "EXT 2004"]
[Source "ChessBase"]
[SourceDate "2003.11.25"]
[SourceVersion "1"]
[SourceVersionDate "2003.11.25"]
[SourceQuality "1"]

1. e4 d6 2. d4 Nf6 3. Nc3 c6 4. Nf3 Bg4 5. Be2 e6 6. a4 Be7 7. h3 Bh5 8. Bf4 a5 9. 0-0 d5 10. exd5 exd5 11. Re1 0-0 12. Ne5 Bxe2 13. Qxe2 Bb4 14. Bg5 h6 15. Bh4 g5 16. Bg3 Ne4 17. Nxe4 Bxe1 18. Qh5 dxe4 19. Ng4 Bxf2+ 20. Bxf2 Qc8 21. Nxh6+ Kg7 22. Qxg5+ Kh7 23. Nf5 1-0

[Event "Arco op 25th"]
[Site "Arco"]
[Date "2003.10.18"]
[Round "2"]
[White "Weinberg, Emanuele"]
[Black "Lovati, Paolo"]
[Result "0-1"]
[WhiteElo "1939"]
[BlackElo "2089"]
[PlyCount "149"]
[EventDate "2003.10.18"]
[EventType "swiss"]
[EventRounds "9"]
[EventCountry "ITA"]
[SourceTitle "EXT 2004"]
[Source "ChessBase"]
[SourceDate "2003.11.25"]
[SourceVersion "1"]
[SourceVersionDate "2003.11.25"]
[SourceQuality "1"]

1. d4 d6 2. c4 Nd7 3. Nc3 e5 4. d5 Be7 5. e4 Ngf6 6. Be3 0-0 7. f3 c5 8. Bd3 Ne8 9. Qd2 Rb8 10. Nge2 a6 11. Ng3 g6 12. 0-0 Ng7 13. Bh6 f6 14. Nce2 Rf7 15. f4 b5 16. f5 bxc4 17. Bxc4 Nb6 18. b3 Qe8 19. Be3 g5 20. Nc3 Nxc4 21. bxc4 Bd8 22. Rfb1 Rfb7 23. Rxb7 Rxb7 24. Qd3 h5 25. Rb1 Rxb1+ 26. Qxb1 Bc7 27. Qd1 h4 28. Nh1 Bd7 29. Nf2 Qb8 30. Ng4 Bd8 31. Qb1 Qxb1+ 32. Nxb1 Nh5 33. Bd2 Ba4 34. Ne3 Ng7 35. Nc3 Be8 36. Ng4 Kf8 37. Nd1 Bd7 38. Nc3 Ne8 39. Nb1 Kg7 40. Bc3 Ba4 41. Ne3 Bb6 42. Nd2 Nc7 43. Kf2 Na8 44. Nb3 Be8 45. Na5 Bc7 46. Nb7 Bh5 47. h3 Kf8 48. Na5 Nb6 49. Bd2 Na4 50. Nb7 Nb2 51. Na5 Bxa5 52. Bxa5 Ke7 53. Bd2 Nd3+ 54. Kf1 Nf4 55. Ba5 Ne2 56. Ke1 Ng3 57. Ng4 Bxg4 58. hxg4 Nxe4 59. Ke2 Kf7 60. Ke3 Ng3 61. Kf3 Nf1 62. Kf2 Nh2 63. Bc7 Ke7 64. Ba5 Nxg4+ 65. Kf3 Nh6 66. Ke4 g4 67. Be1 g3 68. Bd2 Ng4 69. Kf3 Nf2 70. Ke2 Ne4 71. Be1 Ng5 72. Ke3 Kf7 73. Ba5 h3 74. gxh3 Nxh3 75. Kf3 0-1

[Event "Crema op 05th"]
[Site "Crema"]
[Date "2003.09.06"]
[Round "4"]
[White "Salami, Marco"]
[Black "Lovati, Paolo"]
[Result "1/2-1/2"]
[WhiteElo "2177"]
[BlackElo "2089"]
[PlyCount "86"]
[EventDate "2003.09.05"]
[EventType "swiss"]
[EventRounds "6"]
[EventCountry "ITA"]
[SourceTitle "EXT 2007"]
[Source "ChessBase"]
[SourceDate "2006.11.23"]
[SourceVersion "1"]
[SourceVersionDate "2006.11.23"]
[SourceQuality "1"]

1. e4 d6 2. d4 Nf6 3. Nc3 c6 4. h3 Nbd7 5. Nf3 e5 6. a4 a5 7. Be2 exd4 8. Qxd4 Be7 9. Bf4 Nc5 10. Bh2 0-0 11. 0-0 Qb6 12. Nd2 d5 13. exd5 Nxd5 14. Nxd5 cxd5 15. Nb3 Bf5 16. Be5 Bxc2 17. Nxc5 Bxc5 18. Qxd5 Bb3 19. Qf3 Rfe8 20. Bc3 Re6 21. Bd3 Bb4 22. Bf5 Rd6 23. Bxg7 Kxg7 24. Qxb3 Rad8 25. Qg3+ Kh8 26. Rac1 Qd4 27. b3 Qf6 28. Be4 b6 29. Qg4 Bc5 30. Qh5 h6 31. Bf3 Rd4 32. Rc4 Rxc4 33. bxc4 Rd2 34. Qg4 Qd4 35. Qxd4+ Bxd4 36. Bd5 Kg7 37. g3 Rb2 38. Bc6 Bc5 39. g4 Kg6 40. Kg2 f6 41. Kg3 Rb3+ 42. f3 Bd6+ 43. Kg2 Rb2+ 1/2-1/2

[Event "Crema op 05th"]
[Site "Crema"]
[Date "2003.09.05"]
[Round "1"]
[White "Lovati, Paolo"]
[Black "Milan, Paolo"]
[Result "1-0"]
[WhiteElo "2089"]
[BlackElo "1537"]
[PlyCount "89"]
[EventDate "2003.09.05"]
[EventType "swiss"]
[EventRounds "6"]
[EventCountry "ITA"]
[SourceTitle "EXT 2007"]
[Source "ChessBase"]
[SourceDate "2006.11.23"]
[SourceVersion "1"]
[SourceVersionDate "2006.11.23"]
[SourceQuality "1"]

1. c4 Nf6 2. g3 e6 3. Bg2 Be7 4. b3 0-0 5. Bb2 d5 6. Nf3 c5 7. 0-0 d4 8. d3 Nc6 9. Na3 e5 10. Nc2 Bg4 11. Nd2 Qd7 12. a3 h5 13. Rb1 e4 14. Nxe4 Nxe4 15. Bxe4 f5 16. Bd5+ Kh8 17. b4 h4 18. f4 hxg3 19. hxg3 Rf6 20. Qd2 Kh7 21. b5 Rh8 22. bxc6 bxc6 23. Bf3 Rh6 24. e3 Kg8 25. Qg2 Bh3 26. Qe2 Qe8 27. exd4 Bg4 28. Ne1 Rh1+ 29. Kf2 R1h2+ 30. Ng2 Qh5 31. Rg1 Kf7 32. Bxg4 fxg4 33. Qe5 g5 34. d5 gxf4 35. Qxf4+ Kg6 36. Bxh8 Qxh8 37. Qe4+ Kf7 38. Qe6+ Kg7 39. Qxe7+ Kg6 40. Qe4+ Kh5 41. Rh1 Kg5 42. Rxh2 Qxh2 43. Rb8 Qh6 44. Rg8+ Kf6 45. Qe6# 1-0

[Event "Bratto op 23rd"]
[Site "Bratto"]
[Date "2003.08.27"]
[Round "7"]
[White "Lovati, Paolo"]
[Black "Bresciani, Nicola"]
[Result "0-1"]
[WhiteElo "2089"]
[BlackElo "2285"]
[PlyCount "72"]
[EventDate "2003.08.21"]
[EventType "swiss"]
[EventRounds "9"]
[EventCountry "ITA"]
[SourceTitle "EXT 2004"]
[Source "ChessBase"]
[SourceDate "2003.11.25"]
[SourceVersion "1"]
[SourceVersionDate "2003.11.25"]
[SourceQuality "1"]

1. c4 Nf6 2. g3 c5 3. Bg2 e6 4. Nh3 Nc6 5. 0-0 Be7 6. d3 0-0 7. Nc3 a6 8. b3 Qc7 9. Bb2 b6 10. e3 Rb8 11. g4 h6 12. f4 Nh7 13. Ne2 Bb7 14. Ng3 d6 15. Rc1 Nb4 16. Bxb7 Qxb7 17. a3 Nc6 18. Rc2 b5 19. Ne4 bxc4 20. bxc4 d5 21. cxd5 exd5 22. Nxc5 Bxc5 23. Rxc5 Qxb2 24. Rxc6 Qxa3 25. Nf2 Rb2 26. Qc1 Rfb8 27. Qc5 Qa2 28. Rc8+ Rxc8 29. Qxc8+ Nf8 30. f5 f6 31. e4 dxe4 32. dxe4 a5 33. Qc5 a4 34. Rd1 Rb1 35. Kf1 a3 36. Ke1 Qb3 0-1

[Event "Arco op 24th"]
[Site "Arco"]
[Date "2002.10.26"]
[Round "9"]
[White "Lovati, Paolo"]
[Black "Stinis, Steven"]
[Result "0-1"]
[WhiteElo "2097"]
[BlackElo "2053"]
[PlyCount "90"]
[EventDate "2002.10.18"]
[EventType "swiss"]
[EventRounds "9"]
[EventCountry "ITA"]
[SourceTitle "EXT 2004"]
[Source "ChessBase"]
[SourceDate "2003.11.25"]
[SourceVersion "1"]
[SourceVersionDate "2003.11.25"]
[SourceQuality "1"]

1. c4 f5 2. g3 Nf6 3. Bg2 e5 4. Nc3 d6 5. d3 g6 6. Nf3 Bg7 7. 0-0 0-0 8. Bd2 Na6 9. Qc1 c6 10. Rb1 Nc7 11. c5 dxc5 12. Nxe5 Re8 13. Nf3 b6 14. Re1 Ba6 15. Qc2 Qd7 16. Qb3+ Kh8 17. Qa4 Bb5 18. Qh4 Rad8 19. Nxb5 Nxb5 20. Bg5 Re6 21. Rbc1 Rde8 22. a4 Nc7 23. Nd2 Rxe2 24. Rxe2 Rxe2 25. Bxf6 Rxd2 26. Re1 Ne8 27. Qh6 Nxf6 28. Qxd2 Ng4 29. h3 Ne5 30. Qe2 h6 31. f4 Nxd3 32. Qe8+ Qxe8 33. Rxe8+ Kh7 34. b3 Nc1 35. Bxc6 Nxb3 36. Bb5 Nd2 37. Re7 c4 38. Rxa7 c3 39. Rc7 Kg8 40. Rc6 Bd4+ 41. Kg2 Kg7 42. Bd3 h5 43. Bc2 Kf7 44. Rd6 Bc5 45. g4 Bxd6 0-1

[Event "Bratto op 22nd"]
[Site "Bratto"]
[Date "2002.08.24"]
[Round "5"]
[White "Lovati, Paolo"]
[Black "Barlocco, Carlo"]
[Result "1/2-1/2"]
[WhiteElo "2057"]
[BlackElo "2136"]
[PlyCount "67"]
[EventDate "2002.08.20"]
[EventType "swiss"]
[EventRounds "9"]
[EventCountry "ITA"]
[SourceTitle "EXT 2003"]
[Source "ChessBase"]
[SourceDate "2002.11.25"]
[SourceVersion "1"]
[SourceVersionDate "2002.11.25"]
[SourceQuality "1"]

1. g3 e5 2. c4 d6 3. Bg2 f5 4. Nc3 Nf6 5. e3 g6 6. Nge2 Bg7 7. 0-0 0-0 8. b3 c6 9. Bb2 d5 10. cxd5 cxd5 11. b4 Be6 12. f4 e4 13. Nd4 Bf7 14. Na4 Nbd7 15. Qb3 Nb6 16. Nxb6 Qxb6 17. Rfc1 Rfc8 18. a4 Rc4 19. b5 Rac8 20. Bf1 Rxc1 21. Rxc1 Rxc1 22. Bxc1 Nd7 23. Bb2 Bf8 24. Qc3 Qc5 25. Nb3 Qxc3 26. Bxc3 Nc5 27. Nxc5 Bxc5 28. a5 Be8 29. Bd4 Bxd4 30. exd4 Kf7 31. Kf2 h6 32. Ke1 g5 33. Be2 Kf6 34. Kf2 1/2-1/2

[Event "Arco op 23rd"]
[Site "Arco"]
[Date "2001.??.??"]
[Round "9"]
[White "Luciani, Carlo"]
[Black "Lovati, Paolo"]
[Result "1-0"]
[WhiteElo "2241"]
[BlackElo "2052"]
[PlyCount "49"]
[EventDate "2001.10.17"]
[EventType "swiss"]
[EventRounds "9"]
[EventCountry "ITA"]
[SourceTitle "CBM 085 Extra"]
[Source "ChessBase"]
[SourceDate "2002.01.21"]
[SourceVersion "1"]
[SourceVersionDate "2002.01.21"]
[SourceQuality "1"]

1. e4 e6 2. d4 d5 3. Nd2 Nc6 4. Ngf3 Nf6 5. e5 Nd7 6. Be2 Be7 7. Nf1 0-0 8. Ne3 f6 9. exf6 Nxf6 10. 0-0 Bd7 11. c4 Be8 12. Ne5 Bf7 13. Nxf7 Rxf7 14. cxd5 exd5 15. g3 Bf8 16. Ng2 Qc8 17. Nf4 g6 18. Bf3 Qd7 19. Be3 Nd8 20. Bg2 Re7 21. h4 Nf7 22. Bh3 Qe8 23. Qf3 c6 24. Nxg6 hxg6 25. Qxf6 1-0

[Event "Arco op 22nd"]
[Site "Arco"]
[Date "2000.??.??"]
[Round "1"]
[White "Inkiov, Ventzislav"]
[Black "Lovati, Paolo"]
[Result "1-0"]
[WhiteElo "2438"]
[BlackElo "2082"]
[PlyCount "69"]
[EventDate "2000.10.??"]
[EventType "swiss"]
[EventRounds "9"]
[EventCountry "ITA"]
[SourceTitle "EXT 2001"]
[Source "ChessBase"]
[SourceDate "2000.11.22"]
[SourceVersion "1"]
[SourceVersionDate "2000.11.22"]
[SourceQuality "1"]

1. d4 d6 2. e4 Nf6 3. Nc3 c6 4. g3 g6 5. Bg2 Bg7 6. Nge2 0-0 7. 0-0 a5 8. h3 Na6 9. Be3 e5 10. f4 exd4 11. Nxd4 Qc7 12. Re1 Re8 13. Bf2 Bd7 14. Qd2 Rad8 15. Rad1 b6 16. e5 dxe5 17. fxe5 Nd5 18. Ndb5 Qb8 19. Nxd5 cxd5 20. Nd6 Rxe5 21. Rxe5 Bxe5 22. Qxd5 Bxd6 23. Qxd6 Qxd6 24. Rxd6 Nb8 25. Bxb6 Rc8 26. Bxa5 Rxc2 27. Bc3 Re2 28. h4 Re6 29. Rxe6 Bxe6 30. a4 Kf8 31. a5 Ke8 32. Be5 Na6 33. Bf1 Bc8 34. Kf2 Bb7 35. Bc4 1-0

[Event "Bratto op 20th"]
[Site "Bratto"]
[Date "2000.??.??"]
[Round "7"]
[White "Lovati, Paolo"]
[Black "Galli, Fabio"]
[Result "1-0"]
[WhiteElo "2084"]
[BlackElo "2107"]
[PlyCount "83"]
[EventDate "2000.08.25"]
[EventType "swiss"]
[EventRounds "9"]
[EventCountry "ITA"]
[SourceTitle "CBM 077 Extra"]
[Source "ChessBase"]
[SourceDate "2000.09.14"]
[SourceVersion "1"]
[SourceVersionDate "2000.09.14"]
[SourceQuality "1"]

1. g3 d5 2. Nf3 Nf6 3. Bg2 c6 4. 0-0 Nbd7 5. b3 e5 6. Bb2 Bd6 7. c4 0-0 8. d3 Re8 9. cxd5 Nxd5 10. Nbd2 f6 11. Nc4 Bf8 12. a3 N7b6 13. Na5 Na4 14. bxa4 Qxa5 15. d4 e4 16. Nd2 e3 17. Nc4 Qa6 18. Bxd5+ cxd5 19. Nxe3 Bh3 20. Re1 Be6 21. Qb3 Qd6 22. Rac1 f5 23. Ng2 g5 24. h4 h6 25. Rc3 Bg7 26. Rc5 b6 27. Rc2 Rac8 28. Rxc8 Rxc8 29. hxg5 hxg5 30. e3 Rc4 31. a5 Qc7 32. Qb5 Kf7 33. axb6 axb6 34. Re2 Bf8 35. Ne1 Bd6 36. Kg2 f4 37. exf4 gxf4 38. Nf3 Kf6 39. Qe8 Qf7 40. Qd8+ Be7 41. Qh8+ Kf5 42. g4+ 1-0

[Event "Arco op 22nd"]
[Site "Arco"]
[Date "2000.??.??"]
[Round "6"]
[White "Lovati, Paolo"]
[Black "Pegoraro, Nicola"]
[Result "1/2-1/2"]
[WhiteElo "2082"]
[BlackElo "2060"]
[PlyCount "122"]
[EventDate "2000.10.??"]
[EventType "swiss"]
[EventRounds "9"]
[EventCountry "ITA"]
[SourceTitle "EXT 2001"]
[Source "ChessBase"]
[SourceDate "2000.11.22"]
[SourceVersion "1"]
[SourceVersionDate "2000.11.22"]
[SourceQuality "1"]

1. c4 e5 2. g3 g6 3. Bg2 Bg7 4. Nc3 Nc6 5. e3 Nge7 6. Nge2 0-0 7. 0-0 d6 8. d3 Be6 9. Nd5 Qd7 10. Qa4 Nxd5 11. cxd5 Nd4 12. Qd1 Nxe2+ 13. Qxe2 Bh3 14. Bxh3 Qxh3 15. Bd2 Qd7 16. a4 c5 17. dxc6 bxc6 18. b4 Rab8 19. Rfc1 Rfc8 20. Ra2 Bf8 21. Bc3 Qe6 22. Rb2 Rb7 23. e4 f5 24. exf5 gxf5 25. d4 e4 26. Qa6 Rbc7 27. Bd2 Bh6 28. Bxh6 Qxh6 29. Rbc2 Qg7 30. d5 c5 31. Qxd6 c4 32. Qe6+ Qf7 33. Qe5 Qd7 34. d6 Rc6 35. Qd5+ Qf7 36. Qxf7+ Kxf7 37. d7 Rd8 38. Rxc4 Rxc4 39. Rxc4 Rxd7 40. b5 Ke6 41. Rc6+ Kd5 42. Kf1 Kd4 43. Ke2 Ke5 44. Rc5+ Ke6 45. a5 Rd3 46. Rc6+ Ke5 47. Rc7 Rb3 48. Rxh7 Rxb5 49. Rxa7 Rb2+ 50. Kf1 Rb1+ 51. Kg2 Rb2 52. a6 Ra2 53. Re7+ Kf6 54. Rb7 Rxa6 55. Rb2 Rc6 56. Re2 Rc3 57. Re3 Rc2 58. g4 Kg5 59. gxf5 Kxf5 60. Rg3 Ra2 61. Rg7 e3 1/2-1/2

[Event "Bratto op 20th"]
[Site "Bratto"]
[Date "2000.??.??"]
[Round "3"]
[White "Voltolini, Giuseppe"]
[Black "Lovati, Paolo"]
[Result "1-0"]
[WhiteElo "2279"]
[BlackElo "2084"]
[PlyCount "55"]
[EventDate "2000.08.25"]
[EventType "swiss"]
[EventRounds "9"]
[EventCountry "ITA"]
[SourceTitle "CBM 077 Extra"]
[Source "ChessBase"]
[SourceDate "2000.09.14"]
[SourceVersion "1"]
[SourceVersionDate "2000.09.14"]
[SourceQuality "1"]

1. d4 d5 2. c4 e6 3. Nc3 Bb4 4. Nf3 Nf6 5. Bg5 h6 6. Bh4 g5 7. Bg3 Ne4 8. Qc2 h5 9. h4 Nxg3 10. fxg3 g4 11. Ne5 Nc6 12. 0-0-0 Bxc3 13. Qxc3 Qf6 14. e3 Qh6 15. cxd5 exd5 16. Bb5 Bd7 17. Nxd7 Kxd7 18. Rhf1 Rae8 19. Bxc6+ bxc6 20. Rxf7+ Re7 21. Rxe7+ Kxe7 22. Rf1 Rh7 23. Rf4 Kd7 24. Qd3 Re7 25. Qf5+ Kd8 26. Kd2 Qd6 27. a3 c5 28. Qxh5 1-0

[Event "Arco op 21st"]
[Site "Arco"]
[Date "1999.10.27"]
[Round "5"]
[White "Lovati, Paolo"]
[Black "Rossi, Giampiero"]
[Result "1-0"]
[WhiteElo "2080"]
[BlackElo "2020"]
[PlyCount "123"]
[EventDate "1999.10.23"]
[EventType "swiss"]
[EventRounds "9"]
[EventCountry "ITA"]
[SourceTitle "EXT 2000"]
[Source "ChessBase"]
[SourceDate "1999.11.16"]
[SourceVersion "1"]
[SourceVersionDate "1999.11.16"]
[SourceQuality "1"]

1. g3 d5 2. Bg2 c6 3. b3 Bf5 4. Bb2 e6 5. Nh3 Nf6 6. 0-0 Be7 7. d3 0-0 8. Nd2 Nbd7 9. e4 Bg4 10. Qe1 h6 11. f3 Bxh3 12. Bxh3 Re8 13. Kh1 Bf8 14. e5 Nh7 15. Qe2 g6 16. f4 Bg7 17. Nf3 Nhf8 18. c4 Qa5 19. Rfc1 Rec8 20. Nd4 a6 21. a3 Qd8 22. Nf3 Qe7 23. Qc2 Rd8 24. Bc3 Re8 25. Bb4 Qd8 26. Rf1 Rc8 27. Qd2 Ra8 28. Ra2 Rc8 29. Ba5 Qe7 30. Qb4 Qxb4 31. Bxb4 Nh7 32. c5 a5 33. Bxa5 Nxc5 34. Bb6 Nd7 35. Be3 Ra8 36. d4 Bf8 37. a4 Bb4 38. g4 Nhf8 39. f5 Kh7 40. fxg6+ fxg6 41. g5 h5 42. Bd2 Bxd2 43. Rxd2 Kg7 44. Ra1 Re7 45. Bf1 Rf7 46. Kg2 c5 47. dxc5 Nxc5 48. Rb1 Rf4 49. Rc2 Nfd7 50. h3 Raf8 51. Be2 b6 52. b4 Ne4 53. Rbc1 R8f7 54. Rc6 Rxf3 55. Bxf3 Nxg5 56. Bxd5 Nxe5 57. Bxe6 Nxe6 58. Rxe6 Nd3 59. Rf1 Nf4+ 60. Rxf4 Rxf4 61. Rxb6 Rc4 62. a5 1-0

[Event "Montecatini Terme op 8th"]
[Site "Montecatini Terme"]
[Date "1999.08.01"]
[Round "2"]
[White "Lovati, Paolo"]
[Black "Mantovani, Renzo"]
[Result "0-1"]
[WhiteElo "2080"]
[BlackElo "2419"]
[PlyCount "72"]
[EventDate "1999.07.31"]
[EventType "swiss"]
[EventRounds "9"]
[EventCountry "ITA"]
[SourceTitle "EXT 2000"]
[Source "ChessBase"]
[SourceDate "1999.11.16"]
[SourceVersion "1"]
[SourceVersionDate "1999.11.16"]
[SourceQuality "1"]

1. g3 d5 2. Bg2 c6 3. b3 e5 4. Bb2 Bd6 5. f4 Nd7 6. Nf3 Qe7 7. 0-0 Ngf6 8. fxe5 Nxe5 9. Nh4 0-0 10. Nf5 Bxf5 11. Rxf5 g6 12. Rf1 Nh5 13. e3 f5 14. Nc3 Ng4 15. Ne2 Be5 16. Bxe5 Nxe5 17. Rb1 Rad8 18. Qc1 Nf6 19. b4 Ne4 20. d3 Nf6 21. h3 Rfe8 22. Kh2 Nf7 23. Qb2 Qxe3 24. Nf4 Qe5 25. d4 Qd6 26. b5 Ne4 27. Bxe4 Rxe4 28. bxc6 bxc6 29. Rf2 Rde8 30. Kg2 Qf6 31. c3 Nd6 32. Qa3 R4e7 33. Nd3 Ne4 34. Rf4 Nxg3 35. Kxg3 Re3+ 36. Rf3 Qg5+ 0-1

[Event "Verona op 5th"]
[Site "Verona"]
[Date "1999.??.??"]
[Round "?"]
[White "Lovati, Paolo"]
[Black "Ravagnani, Tiziano"]
[Result "1-0"]
[WhiteElo "2085"]
[BlackElo "2025"]
[PlyCount "67"]
[EventDate "1999.??.??"]
[EventType "swiss"]
[EventRounds "7"]
[EventCountry "ITA"]
[SourceTitle "EXT 2005"]
[Source "ChessBase"]
[SourceDate "2004.11.15"]
[SourceVersion "1"]
[SourceVersionDate "2004.11.15"]
[SourceQuality "1"]

1. g3 e5 2. Bg2 d5 3. d3 f5 4. c4 c6 5. Nd2 Nf6 6. b3 Bc5 7. Nh3 0-0 8. 0-0 Ng4 9. Nf3 e4 10. Ne1 Bd4 11. Rb1 e3 12. f3 Nf2 13. Qc2 f4 14. Nxf4 Rxf4 15. gxf4 Qh4 16. Bb2 Bb6 17. cxd5 Qxf4 18. Qc4 Qh6 19. dxc6+ Be6 20. cxb7 Bxc4 21. bxa8Q Bc7 22. f4 Qxf4 23. Nf3 Be6 24. Rxf2 exf2+ 25. Kf1 h6 26. Qe4 Qf7 27. Rc1 Bd6 28. Nd4 Bd7 29. Qd5 Bxh2 30. Qxf7+ Kxf7 31. Nf3 Bf4 32. Rc4 g5 33. Rxf4+ gxf4 34. Ne5+ 1-0

[Event "Bernate op"]
[Site "Bernate"]
[Date "1999.??.??"]
[Round "6"]
[White "Lovati, Paolo"]
[Black "Vujovic, Milorad"]
[Result "0-1"]
[WhiteElo "2080"]
[BlackElo "2255"]
[PlyCount "80"]
[EventDate "1999.??.??"]
[EventType "swiss"]
[EventRounds "7"]
[EventCountry "ITA"]
[SourceTitle "EXT 2003"]
[Source "ChessBase"]
[SourceDate "2002.11.25"]
[SourceVersion "1"]
[SourceVersionDate "2002.11.25"]
[SourceQuality "1"]

1. c4 e5 2. Nc3 Nc6 3. g3 d6 4. Bg2 Be6 5. d3 Qd7 6. Nd5 Rc8 7. Bd2 Nd8 8. e3 g6 9. Qc2 Bg7 10. h4 c6 11. Nc3 h6 12. Nge2 Ne7 13. Rd1 f5 14. b3 0-0 15. f4 Nf7 16. Bc1 d5 17. Ne4 b6 18. 0-0 Kh8 19. Bb2 g5 20. Rd2 gxh4 21. gxh4 Rg8 22. h5 Bf6 23. Rf2 Rg4 24. Kf1 Rcg8 25. fxe5 Nxe5 26. d4 Nf7 27. Nf4 Bh4 28. Ba3 Bxf2 29. Rxf2 Nd6 30. c5 Nxe4 31. Bxe4 Rg1+ 32. Ke2 fxe4 33. cxb6 Bg4+ 34. Kd2 axb6 35. Bxe7 Qxe7 36. Ng6+ Rxg6 37. hxg6 Rd1+ 38. Kc3 Qa3 39. Qb2 Rd3+ 40. Kc2 Qb4 0-1